[Event "WCO2014"]
[Site "Tromso"]
[Date "2014.08.09"]
[Round "7.44"]
[WhiteID "10000127"]
[White "Kawuma Patrick"]
[BlackID "10300163"]
[Black "Al-Hajiri Bader"]
[Result "0-1"]
[LiveChessVersion "1.4.3"]
[BlackElo "2123"]
[WhiteElo "2261"]

1. c4 {[%clk 1:30:58]} e5 {[%clk 1:30:47]} 2. g3 {[%clk 1:30:25]} Nc6
{[%clk 1:30:52]} 3. Bg2 {[%clk 1:30:40]} f5 {[%clk 1:30:29]} 4. Nc3
{[%clk 1:26:21]} Nf6 {[%clk 1:29:52]} 5. a3 {[%clk 1:25:26]} a5 {[%clk 1:20:09]}
6. e3 {[%clk 1:21:56]} Bc5 {[%clk 1:15:48]} 7. Nge2 {[%clk 1:22:00]} e4
{[%clk 1:15:56]} 8. O-O {[%clk 1:10:25]} Ne5 {[%clk 1:12:57]} 9. d4
{[%clk 1:10:27]} exd3 {[%clk 1:13:15]} 10. Nf4 {[%clk 1:10:48]} Nxc4
{[%clk 1:02:42]} 11. Qxd3 {[%clk 1:11:02]} Ne5 {[%clk 1:02:42]} 12. Qxf5
{[%clk 1:04:26]} d6 {[%clk 1:02:05]} 13. Qc2 {[%clk 1:04:41]} c6 {[%clk 0:50:04]}
14. Bd2 {[%clk 1:00:06]} O-O {[%clk 0:45:43]} 15. Qb3+ {[%clk 0:50:01]} Kh8
{[%clk 0:30:47]} 16. Ne6 {[%clk 0:50:25]} a4 {[%clk 0:31:11]} 17. Qa2
{[%clk 0:50:32]} Bxe6 {[%clk 0:31:32]} 18. Qxe6 {[%clk 0:50:55]} Qb6
{[%clk 0:29:47]} 19. Rab1 {[%clk 0:48:02]} Rfe8 {[%clk 0:25:10]} 20. Qa2
{[%clk 0:37:02]} d5 {[%clk 0:23:51]} 21. b4 {[%clk 0:33:47]} axb3
{[%clk 0:23:33]} 22. Rxb3 {[%clk 0:34:09]} Qa6 {[%clk 0:23:50]} 23. Rfb1
{[%clk 0:33:52]} b5 {[%clk 0:23:32]} 24. Bc1 {[%clk 0:31:59]} Nc4
{[%clk 0:22:11]} 25. Qc2 {[%clk 0:31:33]} Qa7 26. h3 {[%clk 0:31:03]} Qe7
{[%clk 0:12:34]} 27. Ne2 {[%clk 0:21:30]} Bxa3 {[%clk 0:10:46]} 28. Nd4
{[%clk 0:20:39]} Bxc1 29. Rxc1 {[%clk 0:20:18]} Ra6 {[%clk 0:10:47]} 30. Qf5
{[%clk 0:18:26]} g6 {[%clk 0:08:49]} 31. Qd3 {[%clk 0:17:57]} Ne4
{[%clk 0:08:40]} 32. Nxc6 {[%clk 0:12:54]} Rxc6 {[%clk 0:08:42]} 33. Qxd5
{[%clk 0:13:11]} Qe6 {[%clk 0:02:24]} 34. Qxb5 {[%clk 0:08:10]} Rb6
{[%clk 0:01:14]} 35. Qa4 {[%clk 0:08:07]} Rxb3 {[%clk 0:01:31]} 36. Qxb3
{[%clk 0:08:26]} Ncd2 {[%clk 0:01:42]} 37. Qb5 {[%clk 0:05:01]} Rf8
{[%clk 0:00:58]} 38. Rc6 {[%clk 0:02:23]} Qf5 {[%clk 0:00:58]} 39. Qb2+
{[%clk 0:00:47]} Kg8 {[%clk 0:01:16]} 40. f4 {[%clk 0:01:10]} Rf6
{[%clk 0:00:33]} 41. g4 {[%clk 0:30:24]} Qa5 {[%clk 0:26:04]} 42. Rxf6
{[%clk 0:30:03]} Nf3+ {[%clk 0:26:15]} 43. Bxf3 {[%clk 0:29:26]} Qe1+
{[%clk 0:26:38]} 44. Kg2 {[%clk 0:20:07]} Qg3+ {[%clk 0:26:59]} 45. Kf1
{[%clk 0:19:11]} Qxf3+ {[%clk 0:27:21]} 46. Kg1 {[%clk 0:18:58]} Qxe3+
{[%clk 0:27:25]} 47. Kg2 {[%clk 0:17:47]} Qg3+ {[%clk 0:27:39]} 48. Kf1
{[%clk 0:18:04]} Qxh3+ {[%clk 0:27:47]} 49. Kg1 {[%clk 0:18:20]} Qxg4+
{[%clk 0:27:50]} 50. Kf1 {[%clk 0:17:55]} Qh3+ {[%clk 0:17:33]} 51. Kg1
{[%clk 0:18:07]} Qe3+ {[%clk 0:17:57]} 52. Kg2 {[%clk 0:16:44]} Qg3+
{[%clk 0:18:22]} 53. Kf1 {[%clk 0:16:54]} Qh3+ {[%clk 0:18:31]} 54. Kg1
{[%clk 0:17:02]} Qg4+ {[%clk 0:18:55]} 55. Kf1 {[%clk 0:17:11]} Nxf6
{[%clk 0:18:46]} 56. Qxf6 {[%clk 0:17:39]} Qf5 {[%clk 0:19:00]} 57. Qd8+
{[%clk 0:17:03]} Kg7 {[%clk 0:19:29]} 58. Qe7+ {[%clk 0:16:45]} Kh6
{[%clk 0:19:31]} 59. Qh4+ {[%clk 0:16:33]} Qh5 {[%clk 0:19:58]} 60. Qf6
{[%clk 0:16:45]} Qf3+ {[%clk 0:20:09]} 61. Ke1 {[%clk 0:15:43]} Qg3+
{[%clk 0:20:18]} 62. Ke2 {[%clk 0:15:46]} Kh5 {[%clk 0:20:10]} 63. Qf7
{[%clk 0:13:47]} h6 {[%clk 0:19:13]} 64. Qf6 {[%clk 0:13:30]} Qg4+
{[%clk 0:15:32]} 65. Ke3 {[%clk 0:10:25]} Qh3+ {[%clk 0:13:44]} 66. Ke4
{[%clk 0:08:46]} Qh1+ {[%clk 0:13:51]} 67. Ke3 {[%clk 0:08:52]} Qe1+
{[%clk 0:13:45]} 68. Kf3 {[%clk 0:08:39]} Qd1+ {[%clk 0:13:57]} 69. Ke3
{[%clk 0:08:13]} Qb3+ {[%clk 0:13:50]} 70. Ke4 {[%clk 0:07:56]} Qc2+
{[%clk 0:13:30]} 71. Ke3 {[%clk 0:07:52]} Kg4 {[%clk 0:13:32]} 72. Qe6+
{[%clk 0:07:29]} Kg3 {[%clk 0:13:47]} 73. Qf6 {[%clk 0:05:03]} Qf2+
{[%clk 0:09:03]} 74. Ke4 {[%clk 0:05:27]} Qe2+ {[%clk 0:08:42]} 75. Kd5
{[%clk 0:05:36]} Qg4 {[%clk 0:03:27]} 76. Ke4 {[%clk 0:03:35]} Qf3+
{[%clk 0:03:03]} 77. Ke5 {[%clk 0:03:50]} Qd3 {[%clk 0:02:38]} 78. Ke6
{[%clk 0:03:23]} Qe4+ {[%clk 0:01:46]} 79. Kf7 {[%clk 0:03:11]} Qf5
{[%clk 0:01:31]} 80. Kg7 {[%clk 0:02:46]} Kxf4 {[%clk 0:01:04]} 81. Qxg6
{[%clk 0:02:07]} h5 {[%clk 0:01:14]} 82. Qc6 {[%clk 0:00:49]} h4 {[%clk 0:00:43]}
83. Qc4+ {[%clk 0:00:47]} Kg5 {[%clk 0:01:02]} 84. Qc1+ {[%clk 0:00:47]} Kh5
{[%clk 0:01:30]} 85. Qh6+ {[%clk 0:00:39]} Kg4 {[%clk 0:02:00]} 86. Qc6
{[%clk 0:00:35]} h3 {[%clk 0:02:20]} 87. Qh1 {[%clk 0:00:49]} Qf3
{[%clk 0:02:26]} 88. Qg1+ {[%clk 0:00:37]} Kh4 {[%clk 0:02:15]} 89. Kh6
{[%clk 0:00:48]} Qf4+ {[%clk 0:02:30]} 90. Kh7 {[%clk 0:01:03]} Qf7+
{[%clk 0:02:52]} 0-1

[Event "WCO2014"]
[Site "Tromso"]
[Date "2014.08.09"]
[Round "7.43"]
[WhiteID "10300074"]
[White "Maqseed Nasser"]
[BlackID "10000100"]
[Black "Ssegwanyi Arthur"]
[Result "0-1"]
[LiveChessVersion "1.4.3"]
[BlackElo "2299"]
[WhiteElo "1951"]

1. Nf3 {[%clk 1:30:53]} Nf6 {[%clk 1:30:55]} 2. d4 {[%clk 1:31:09]} e6
{[%clk 1:29:50]} 3. c4 {[%clk 1:31:33]} c5 {[%clk 1:30:14]} 4. e3
{[%clk 1:31:35]} d5 {[%clk 1:30:36]} 5. Bd3 {[%clk 1:31:48]} a6 {[%clk 1:30:54]}
6. O-O {[%clk 1:31:51]} dxc4 {[%clk 1:30:11]} 7. Bxc4 {[%clk 1:32:14]} b5
{[%clk 1:30:32]} 8. Bd3 {[%clk 1:32:25]} Bb7 {[%clk 1:30:07]} 9. Nc3
{[%clk 1:31:10]} Nbd7 {[%clk 1:30:16]} 10. Qe2 {[%clk 1:26:19]} Be7
{[%clk 1:29:13]} 11. Rd1 {[%clk 1:26:32]} cxd4 {[%clk 1:29:18]} 12. exd4
{[%clk 1:24:52]} O-O {[%clk 1:29:05]} 13. Bf4 {[%clk 1:19:25]} Qb6
{[%clk 1:24:06]} 14. Rac1 {[%clk 1:19:15]} Rac8 {[%clk 1:24:04]} 15. Bb1
{[%clk 1:13:29]} Rfe8 {[%clk 1:13:45]} 16. Ne5 {[%clk 1:03:04]} Nf8
{[%clk 1:13:22]} 17. Rd3 {[%clk 0:52:36]} b4 {[%clk 1:11:16]} 18. Na4
{[%clk 0:45:51]} Rxc1+ {[%clk 1:11:19]} 19. Bxc1 {[%clk 0:46:14]} Qb5
{[%clk 1:11:24]} 20. b3 {[%clk 0:44:18]} Be4 {[%clk 1:11:14]} 21. f3
{[%clk 0:44:30]} Bxd3 {[%clk 1:10:21]} 22. Bxd3 {[%clk 0:44:57]} Qd5
{[%clk 1:09:56]} 23. Be3 {[%clk 0:43:49]} a5 {[%clk 1:09:15]} 24. Bb5
{[%clk 0:28:23]} Rb8 {[%clk 1:05:22]} 25. Bc6 {[%clk 0:28:05]} Qd6
{[%clk 1:04:58]} 26. Nb2 {[%clk 0:14:51]} Nd5 {[%clk 1:03:04]} 27. Nbc4
{[%clk 0:13:52]} Qc7 {[%clk 1:03:14]} 28. Bxd5 {[%clk 0:11:53]} exd5
{[%clk 1:03:26]} 29. Nb2 {[%clk 0:08:33]} Bd6 {[%clk 1:03:28]} 30. f4
{[%clk 0:06:18]} Nd7 {[%clk 1:01:03]} 31. Qf3 {[%clk 0:04:06]} Nf6
{[%clk 1:01:13]} 32. Nbd3 {[%clk 0:03:43]} Qc2 {[%clk 1:00:57]} 33. Qf2
{[%clk 0:02:53]} Qb1+ {[%clk 1:00:55]} 34. Ne1 {[%clk 0:02:14]} Ne4
{[%clk 0:57:02]} 35. Qe2 {[%clk 0:01:10]} Nc3 {[%clk 0:56:59]} 36. Qd2
{[%clk 0:01:18]} Nxa2 {[%clk 0:56:18]} 37. Kf2 {[%clk 0:00:51]} Qxb3
{[%clk 0:55:58]} 38. Nc6 {[%clk 0:01:06]} Nc3 {[%clk 0:53:48]} 39. Qd3
{[%clk 0:00:38]} Re8 {[%clk 0:53:34]} 40. Nxa5 {[%clk 0:00:42]} Qa2+
{[%clk 0:52:08]} 41. Nc2 {[%clk 0:07:13]} Qxa5 {[%clk 1:22:56]} 0-1

[Event "WCO2014"]
[Site "Tromso"]
[Date "2014.08.09"]
[Round "7.42"]
[WhiteID "10000380"]
[White "Wanyama Harold"]
[BlackID "10300082"]
[Black "Shehab Ibrahim"]
[Result "1-0"]
[LiveChessVersion "1.4.3"]
[BlackElo "2036"]
[WhiteElo "2244"]

1. d4 {[%clk 1:30:55]} Nf6 {[%clk 1:30:52]} 2. c4 {[%clk 1:31:17]} d6
{[%clk 1:30:33]} 3. Nf3 {[%clk 1:31:36]} g6 {[%clk 1:30:55]} 4. Nc3
{[%clk 1:31:52]} Bg7 {[%clk 1:31:18]} 5. g3 {[%clk 1:32:05]} O-O {[%clk 1:29:43]}
6. Bg2 {[%clk 1:32:20]} Nbd7 {[%clk 1:29:30]} 7. d5 {[%clk 1:32:14]} a5
{[%clk 1:29:21]} 8. O-O {[%clk 1:32:31]} Nc5 {[%clk 1:28:43]} 9. Nd4
{[%clk 1:32:04]} Re8 {[%clk 1:25:42]} 10. e4 {[%clk 1:30:41]} e5 {[%clk 1:16:29]}
11. Nde2 {[%clk 1:30:19]} Qe7 {[%clk 1:12:07]} 12. b3 {[%clk 1:30:10]} c6
{[%clk 0:57:14]} 13. Be3 {[%clk 1:29:43]} Na6 {[%clk 0:48:03]} 14. h3
{[%clk 1:28:05]} c5 {[%clk 0:46:50]} 15. Qd2 {[%clk 1:28:18]} Bd7
{[%clk 0:45:04]} 16. Rae1 {[%clk 1:27:59]} Nc7 {[%clk 0:39:15]} 17. f4
{[%clk 1:27:43]} Nh5 {[%clk 0:25:28]} 18. f5 {[%clk 1:27:56]} b5 {[%clk 0:21:23]}
19. g4 {[%clk 1:28:12]} b4 {[%clk 0:20:26]} 20. Nd1 {[%clk 1:27:34]} Nf4
{[%clk 0:17:33]} 21. Nxf4 {[%clk 1:26:20]} exf4 {[%clk 0:17:46]} 22. Bxf4
{[%clk 1:26:38]} Be5 {[%clk 0:16:46]} 23. Bxe5 {[%clk 1:23:35]} Qxe5
{[%clk 0:16:53]} 24. f6 {[%clk 1:20:20]} g5 {[%clk 0:11:14]} 25. Ne3
{[%clk 1:19:54]} h6 {[%clk 0:10:35]} 26. h4 {[%clk 1:19:55]} Kh7 {[%clk 0:08:23]}
27. Nf5 {[%clk 1:18:40]} Rg8 {[%clk 0:01:22]} 28. Ne7 {[%clk 1:17:45]} Rgf8
{[%clk 0:00:57]} 29. hxg5 {[%clk 1:17:44]} hxg5 {[%clk 0:00:32]} 30. Rf5
{[%clk 1:17:09]} Bxf5 {[%clk 0:00:39]} 31. Qxg5 {[%clk 1:16:44]} Qd4+
{[%clk 0:00:34]} 32. Kh1 {[%clk 1:16:49]} 1-0

[Event "WCO2014"]
[Site "Tromso"]
[Date "2014.08.09"]
[Round "7.41"]
[WhiteID "10300058"]
[White "Al Khateeb Taher"]
[BlackID "10001301"]
[Black "Ssonko Mathias Allan"]
[Result "1/2-1/2"]
[LiveChessVersion "1.4.3"]
[BlackElo "2138"]
[WhiteElo "1972"]

1. d4 {[%clk 1:30:57]} Nf6 {[%clk 1:30:56]} 2. Bg5 {[%clk 1:31:09]} Ne4
{[%clk 1:31:17]} 3. Bf4 {[%clk 1:31:34]} d5 {[%clk 1:31:31]} 4. e3
{[%clk 1:31:46]} c5 {[%clk 1:31:56]} 5. Bd3 {[%clk 1:32:02]} cxd4
{[%clk 1:32:08]} 6. Bxe4 {[%clk 1:28:43]} dxe4 {[%clk 1:32:27]} 7. exd4
{[%clk 1:28:48]} Qb6 {[%clk 1:31:41]} 8. b3 {[%clk 1:25:21]} Nc6 {[%clk 1:30:26]}
9. Ne2 {[%clk 1:21:17]} Bg4 {[%clk 1:30:32]} 10. d5 {[%clk 1:04:54]} Rd8
{[%clk 1:29:38]} 11. O-O {[%clk 1:03:13]} e6 {[%clk 1:26:44]} 12. Nbc3
{[%clk 0:55:43]} Bb4 {[%clk 1:23:17]} 13. Na4 {[%clk 0:51:42]} Qa6 14. c4 exd5
{[%clk 1:21:23]} 15. Qc2 {[%clk 0:49:11]} O-O {[%clk 1:19:58]} 16. Ng3
{[%clk 0:48:51]} Nd4 {[%clk 1:18:24]} 17. Qb2 {[%clk 0:46:15]} dxc4
{[%clk 1:11:23]} 18. Be5 {[%clk 0:45:33]} Ne2+ {[%clk 1:05:22]} 19. Nxe2
{[%clk 0:45:31]} Rd2 {[%clk 1:05:30]} 20. Qc1 {[%clk 0:44:05]} Rxe2
{[%clk 0:59:57]} 21. Qxc4 {[%clk 0:35:16]} Qxc4 {[%clk 0:58:42]} 22. bxc4
{[%clk 0:35:45]} f6 {[%clk 0:57:42]} 23. a3 {[%clk 0:33:07]} Be7 {[%clk 0:55:50]}
24. Bd4 {[%clk 0:31:07]} b6 {[%clk 0:49:48]} 25. Nc3 {[%clk 0:25:04]} Rd2
{[%clk 0:49:43]} 26. Be3 {[%clk 0:25:07]} Rd3 {[%clk 0:49:59]} 27. Nxe4
{[%clk 0:24:10]} f5 {[%clk 0:48:07]} 28. Bg5 {[%clk 0:23:06]} Bxa3
{[%clk 0:47:18]} 29. Rxa3 {[%clk 0:14:40]} Rxa3 {[%clk 0:47:20]} 30. Be7
{[%clk 0:15:08]} fxe4 {[%clk 0:43:45]} 31. Bxa3 {[%clk 0:15:25]} Rc8
{[%clk 0:43:33]} 32. Rc1 {[%clk 0:15:43]} a5 {[%clk 0:40:47]} 33. h3
{[%clk 0:12:18]} Be6 {[%clk 0:40:45]} 34. Rb1 {[%clk 0:12:17]} Rc6
{[%clk 0:40:02]} 35. c5 {[%clk 0:11:37]} bxc5 {[%clk 0:39:07]} 36. Rb5
{[%clk 0:12:02]} c4 {[%clk 0:36:21]} 37. Rxa5 {[%clk 0:12:29]} c3
{[%clk 0:36:46]} 38. Rc5 {[%clk 0:12:47]} Rxc5 {[%clk 0:36:08]} 39. Bxc5
{[%clk 0:13:14]} Bc4 {[%clk 0:35:45]} 40. f3 {[%clk 0:07:50]} exf3
{[%clk 0:36:00]} 41. gxf3 {[%clk 0:08:18]} Kf7 {[%clk 0:36:26]} 42. Kf2
{[%clk 0:08:09]} g5 {[%clk 0:32:12]} 43. Be3 {[%clk 0:07:28]} Kg6
{[%clk 0:32:40]} 44. f4 {[%clk 0:07:08]} h6 45. fxg5 hxg5 {[%clk 0:32:29]} 46.
Kg3 {[%clk 0:06:24]} Be6 {[%clk 0:32:19]} 47. Bc1 {[%clk 0:06:50]} 1/2-1/2

[Event "WCO2014"]
[Site "Tromso"]
[Date "2014.08.09"]
[Round "7.17"]
[WhiteID "16300190"]
[White "Ho Hou-Meng Herman"]
[BlackID "16400119"]
[Black "Chipanga Chiletso"]
[Result "0-1"]
[LiveChessVersion "1.4.3"]
[BlackElo "2060"]
[WhiteElo "1910"]

1. Nf3 {[%clk 1:30:52]} d5 {[%clk 1:30:32]} 2. b3 {[%clk 1:21:52]} c5
{[%clk 1:30:50]} 3. e3 {[%clk 1:22:12]} Nc6 {[%clk 1:30:37]} 4. Bb5
{[%clk 1:22:11]} Bg4 {[%clk 1:30:26]} 5. Bb2 {[%clk 1:21:34]} e6 {[%clk 1:29:10]}
6. O-O {[%clk 1:20:00]} Nge7 {[%clk 1:29:21]} 7. h3 {[%clk 1:17:39]} Bh5
{[%clk 1:29:46]} 8. g4 {[%clk 1:16:01]} Bg6 {[%clk 1:30:12]} 9. Ne5
{[%clk 1:16:14]} f6 {[%clk 1:29:58]} 10. Bxc6+ {[%clk 1:14:10]} Nxc6
{[%clk 1:29:46]} 11. Nxc6 {[%clk 1:14:26]} bxc6 {[%clk 1:30:15]} 12. f4
{[%clk 1:10:32]} h5 {[%clk 1:29:04]} 13. d3 {[%clk 1:03:58]} hxg4
{[%clk 1:29:13]} 14. hxg4 {[%clk 1:04:22]} Be7 {[%clk 1:26:44]} 15. Kg2
{[%clk 0:56:43]} f5 {[%clk 1:25:55]} 16. Rh1 {[%clk 0:52:22]} Kf7
{[%clk 1:25:34]} 17. Nd2 {[%clk 0:49:44]} Rxh1 {[%clk 1:25:02]} 18. Qxh1
{[%clk 0:47:56]} fxg4 {[%clk 1:25:15]} 19. Kg3 {[%clk 0:43:25]} Qa5
{[%clk 1:23:29]} 20. Qh2 {[%clk 0:30:03]} Bf6 21. Bxf6 gxf6 {[%clk 1:18:28]} 22.
Kxg4 {[%clk 0:24:09]} Qc3 {[%clk 1:18:03]} 23. Rg1 {[%clk 0:22:40]} Rh8
{[%clk 1:17:24]} 24. Qf2 {[%clk 0:17:49]} Qxc2 {[%clk 1:15:34]} 25. Ne4
{[%clk 0:15:51]} Bf5+ {[%clk 1:15:17]} 26. Kg3 {[%clk 0:15:41]} Rh3+
{[%clk 1:14:35]} 27. Kg2 {[%clk 0:15:53]} Bxe4+ {[%clk 1:14:22]} 28. dxe4
{[%clk 0:16:15]} Rh2+ {[%clk 1:14:37]} 0-1

[Event "WCO2014"]
[Site "Tromso"]
[Date "2014.08.09"]
[Round "7.18"]
[WhiteID "16400046"]
[White "Chimthere Alfred Charles"]
[BlackID "15400409"]
[Black "Punongbayan Hexilon Dela Cruz"]
[Result "1/2-1/2"]
[LiveChessVersion "1.4.3"]
[BlackElo "2074"]
[WhiteElo "2017"]

1. e4 {[%clk 1:29:47]} c5 {[%clk 1:30:55]} 2. Nf3 {[%clk 1:30:05]} Nc6
{[%clk 1:31:19]} 3. d4 {[%clk 1:29:47]} cxd4 {[%clk 1:31:44]} 4. Nxd4
{[%clk 1:30:14]} Nf6 {[%clk 1:31:49]} 5. Nc3 {[%clk 1:28:10]} g6 {[%clk 1:31:45]}
6. Be3 {[%clk 1:28:13]} Bg7 {[%clk 1:32:07]} 7. Qd2 {[%clk 1:27:29]} Ng4
{[%clk 1:31:49]} 8. Nxc6 {[%clk 1:25:13]} bxc6 {[%clk 1:31:34]} 9. Bd4
{[%clk 1:25:09]} Bxd4 {[%clk 1:23:01]} 10. Qxd4 {[%clk 1:25:29]} O-O
{[%clk 1:22:55]} 11. h3 {[%clk 1:22:42]} Nf6 {[%clk 1:16:21]} 12. e5
{[%clk 1:20:19]} Ne8 {[%clk 1:16:13]} 13. Bc4 {[%clk 1:14:22]} d5
{[%clk 1:15:53]} 14. exd6 {[%clk 1:09:27]} Nxd6 {[%clk 1:14:44]} 15. Bd3
{[%clk 1:09:06]} Qb6 {[%clk 1:12:11]} 16. Qxb6 {[%clk 1:08:01]} axb6
{[%clk 1:12:38]} 17. O-O {[%clk 1:06:18]} Be6 {[%clk 1:12:51]} 18. Rfe1
{[%clk 1:03:06]} Rfd8 {[%clk 1:12:52]} 19. b3 {[%clk 1:02:04]} Kf8
{[%clk 1:11:27]} 20. Na4 {[%clk 1:01:46]} Rab8 {[%clk 1:11:42]} 21. Rad1
{[%clk 1:00:44]} c5 {[%clk 1:07:14]} 22. c4 {[%clk 0:55:30]} Bd7 {[%clk 1:06:47]}
23. Nc3 {[%clk 0:55:33]} Bc6 {[%clk 1:07:10]} 24. f3 {[%clk 0:48:30]} e6
{[%clk 0:56:03]} 25. Kf2 {[%clk 0:47:11]} Rd7 {[%clk 0:56:14]} 26. Ke3
{[%clk 0:41:02]} Rbd8 {[%clk 0:55:55]} 27. g4 {[%clk 0:38:50]} f5
{[%clk 0:53:59]} 28. Bc2 {[%clk 0:31:24]} Nf7 {[%clk 0:52:40]} 29. Rxd7
{[%clk 0:30:44]} Rxd7 {[%clk 0:53:00]} 30. Rd1 {[%clk 0:30:14]} Rxd1
{[%clk 0:53:19]} 31. Bxd1 {[%clk 0:30:42]} Ke7 {[%clk 0:52:11]} 32. gxf5
{[%clk 0:25:13]} gxf5 {[%clk 0:51:23]} 33. f4 {[%clk 0:24:54]} e5
{[%clk 0:47:15]} 34. fxe5 {[%clk 0:24:34]} Nxe5 {[%clk 0:47:36]} 35. Bc2
{[%clk 0:15:20]} Kf6 {[%clk 0:47:45]} 36. Nd5+ {[%clk 0:08:49]} Bxd5
{[%clk 0:46:48]} 37. cxd5 {[%clk 0:09:18]} Ng6 {[%clk 0:47:08]} 38. d6
{[%clk 0:02:52]} Nf8 {[%clk 0:46:37]} 39. Bd3 {[%clk 0:02:01]} Ke5
{[%clk 0:45:50]} 40. Kf3 {[%clk 0:01:32]} Kxd6 {[%clk 0:23:32]} 41. Kf4
{[%clk 0:01:00]} Ke6 {[%clk 0:12:35]} 42. Bxf5+ {[%clk 0:01:15]} Kf6
{[%clk 0:13:03]} 43. Ke4 {[%clk 0:00:38]} Ne6 {[%clk 0:09:18]} 44. Bg4
{[%clk 0:27:13]} Nc7 {[%clk 0:39:51]} 45. h4 {[%clk 0:25:06]} h6 {[%clk 0:40:12]}
46. Bd7 {[%clk 0:23:56]} Ke7 {[%clk 0:40:19]} 47. Bg4 {[%clk 0:24:14]} Kf6
{[%clk 0:40:41]} 48. Bc8 {[%clk 0:24:30]} Nb5 {[%clk 0:40:25]} 49. Kd5
{[%clk 0:16:08]} Nc3+ {[%clk 0:37:58]} 50. Kc6 {[%clk 0:16:33]} Nxa2
{[%clk 0:38:17]} 1/2-1/2

[Event "WCO2014"]
[Site "Tromso"]
[Date "2014.08.09"]
[Round "7.19"]
[WhiteID "15400131"]
[White "Fesalbon Rolando"]
[BlackID "20500041"]
[Black "Nyambalo Joseph Xavier"]
[Result "0-1"]
[LiveChessVersion "1.4.3"]
[BlackElo "2115"]
[WhiteElo "2051"]

1. d4 {[%clk 1:31:16]} d5 {[%clk 1:31:47]} 2. c4 {[%clk 1:31:30]} c6
{[%clk 1:32:03]} 3. cxd5 {[%clk 1:30:20]} cxd5 {[%clk 1:32:28]} 4. Nc3
{[%clk 1:30:24]} e6 {[%clk 1:32:51]} 5. Nf3 {[%clk 1:30:12]} Nc6 {[%clk 1:33:11]}
6. e3 {[%clk 1:27:57]} Nf6 {[%clk 1:33:28]} 7. Bb5 {[%clk 1:27:05]} Bd7
{[%clk 1:33:18]} 8. O-O {[%clk 1:25:43]} Bd6 {[%clk 1:33:39]} 9. Re1
{[%clk 1:23:28]} O-O {[%clk 1:33:20]} 10. e4 {[%clk 1:22:01]} dxe4
{[%clk 1:33:46]} 11. Nxe4 {[%clk 1:21:28]} Nxe4 {[%clk 1:30:56]} 12. Rxe4
{[%clk 1:20:53]} Nb4 {[%clk 1:27:10]} 13. Bxd7 {[%clk 1:08:27]} Qxd7
{[%clk 1:27:35]} 14. a3 {[%clk 1:03:24]} Nd5 {[%clk 1:22:10]} 15. Rh4
{[%clk 0:58:18]} Be7 {[%clk 1:20:57]} 16. Rh3 {[%clk 0:55:27]} Qb5
{[%clk 1:12:34]} 17. Ne5 {[%clk 0:52:42]} Nf6 {[%clk 1:09:09]} 18. Bg5
{[%clk 0:50:55]} Rad8 {[%clk 1:07:28]} 19. Qc2 {[%clk 0:44:34]} h6
{[%clk 1:03:02]} 20. Be3 {[%clk 0:39:22]} Rc8 {[%clk 1:02:35]} 21. Qb1
{[%clk 0:34:08]} Qe2 {[%clk 1:02:41]} 22. Qd1 {[%clk 0:27:57]} Qxd1+
{[%clk 1:00:24]} 23. Rxd1 {[%clk 0:28:20]} Rc2 {[%clk 1:00:48]} 24. Nd3
{[%clk 0:26:40]} Rfc8 {[%clk 1:00:26]} 25. Kf1 {[%clk 0:23:53]} Nd5
{[%clk 0:59:07]} 26. Bc1 {[%clk 0:21:52]} b6 {[%clk 0:58:41]} 27. Rg3
{[%clk 0:21:09]} Bd6 {[%clk 0:57:49]} 28. f4 {[%clk 0:17:25]} R8c4
{[%clk 0:56:39]} 29. b3 {[%clk 0:14:56]} R4c3 {[%clk 0:49:09]} 30. b4
{[%clk 0:14:05]} Ra2 {[%clk 0:48:27]} 31. Bb2 {[%clk 0:12:26]} Rc2
{[%clk 0:48:42]} 32. Rf3 {[%clk 0:10:47]} Nxf4 {[%clk 0:42:50]} 33. Nxf4
{[%clk 0:06:20]} Bxf4 {[%clk 0:43:18]} 34. Rxf4 {[%clk 0:04:48]} Rcxb2
{[%clk 0:43:22]} 35. Rg4 {[%clk 0:03:52]} Rxa3 {[%clk 0:43:42]} 36. h3
{[%clk 0:03:35]} Rxb4 {[%clk 0:44:10]} 37. Rc1 {[%clk 0:03:33]} g5
{[%clk 0:42:27]} 38. Re4 {[%clk 0:02:58]} Raa4 {[%clk 0:42:04]} 39. Rc8+
{[%clk 0:02:05]} Kg7 {[%clk 0:42:23]} 40. Rd8 {[%clk 0:02:05]} Rb2
{[%clk 0:42:04]} 41. Re2 {[%clk 0:00:42]} Rxe2 {[%clk 0:41:58]} 42. Kxe2
{[%clk 0:01:01]} Ra2+ {[%clk 0:42:20]} 43. Kf3 {[%clk 0:30:53]} a5
{[%clk 1:13:33]} 44. d5 {[%clk 0:30:01]} exd5 {[%clk 1:13:40]} 45. Rxd5
{[%clk 0:30:19]} Rb2 {[%clk 1:14:07]} 46. h4 {[%clk 0:29:05]} gxh4
{[%clk 1:09:22]} 47. Rd4 {[%clk 0:26:54]} Rb4 {[%clk 1:08:17]} 48. Rd2
{[%clk 0:25:22]} a4 {[%clk 1:08:42]} 49. Ke3 {[%clk 0:23:59]} Rb3+
{[%clk 1:08:08]} 50. Kd4 {[%clk 0:21:43]} b5 {[%clk 1:08:23]} 51. Kc5
{[%clk 0:17:54]} a3 {[%clk 1:08:47]} 52. Rd4 {[%clk 0:13:08]} a2 {[%clk 1:07:46]}
0-1

[Event "WCO2014"]
[Site "Tromso"]
[Date "2014.08.09"]
[Round "7.20"]
[WhiteID "20500220"]
[White "Gerrard Mphungt"]
[BlackID "15400379"]
[Black "Wong Kit"]
[Result "1-0"]
[LiveChessVersion "1.4.3"]
[BlackElo "1565"]
[WhiteElo "1930"]

1. d4 {[%clk 1:30:32]} d5 {[%clk 1:30:52]} 2. c4 {[%clk 1:30:52]} e6
{[%clk 1:31:19]} 3. Nc3 {[%clk 1:31:14]} Nf6 {[%clk 1:31:36]} 4. Bg5
{[%clk 1:31:35]} Be7 {[%clk 1:31:57]} 5. e3 {[%clk 1:31:59]} O-O {[%clk 1:31:59]}
6. Nf3 {[%clk 1:32:23]} Nbd7 {[%clk 1:31:47]} 7. Rc1 {[%clk 1:32:42]} b6
{[%clk 1:30:11]} 8. cxd5 {[%clk 1:31:11]} exd5 {[%clk 1:28:36]} 9. Bd3
{[%clk 1:25:57]} Bb7 {[%clk 1:25:44]} 10. O-O {[%clk 1:26:16]} Ne4
{[%clk 1:22:55]} 11. Bxe7 {[%clk 1:24:56]} Qxe7 {[%clk 1:23:05]} 12. Qa4
{[%clk 1:25:04]} c5 {[%clk 1:16:24]} 13. Ba6 {[%clk 1:19:48]} Bxa6
{[%clk 1:14:47]} 14. Qxa6 {[%clk 1:20:10]} Ndf6 {[%clk 1:12:26]} 15. Rfd1
{[%clk 1:16:56]} Rfd8 {[%clk 1:09:04]} 16. h3 {[%clk 1:15:21]} Qe6
{[%clk 1:01:59]} 17. Nb5 {[%clk 1:06:55]} Qe7 {[%clk 1:00:26]} 18. Ne5
{[%clk 1:06:04]} Rdc8 {[%clk 0:53:16]} 19. Rc2 {[%clk 1:04:04]} Nd7
{[%clk 0:42:55]} 20. Qb7 {[%clk 0:59:22]} Nef6 {[%clk 0:32:12]} 21. Nc6
{[%clk 0:57:39]} Qe4 {[%clk 0:24:10]} 22. Rdc1 {[%clk 0:55:25]} Rf8
{[%clk 0:21:25]} 23. Nc7 {[%clk 0:52:12]} Rac8 {[%clk 0:19:34]} 24. Qxa7
{[%clk 0:48:21]} Kh8 {[%clk 0:18:22]} 25. b4 {[%clk 0:46:20]} c4 {[%clk 0:17:08]}
26. a4 1-0